| 000 | 00971nam a22002657a 4500 | ||
|---|---|---|---|
| 999 |
_c16673 _d16673 |
||
| 003 | EG-ScBUE | ||
| 005 | 20210530094147.0 | ||
| 008 | 120422s1950 ua f 00010d are d | ||
| 040 |
_aEG-ScBUE _bara _erda _cEG-ScBUE _dEG-ScBUE |
||
| 082 | 0 | 4 |
_a892.765 _bر ا ف _222 |
| 100 | 1 |
_aالرافعي، مصطفى صادق، _d1880-1937، _eمؤلف. |
|
| 245 | 1 | 0 |
_aرسائل الرافعي / _cجمع وترتيب محمود أبو ريه. |
| 264 | 1 |
_aالقاهرة : _bدار إحياء الكتب العربية، _c1950. |
|
| 300 |
_a300 صفحة ؛ _c22 سم |
||
| 336 |
_2rdacontent _aنص _btxt |
||
| 337 |
_2rdamedia _aبدون وسيط _bn |
||
| 338 |
_2rdacarrier _aمجلد _bnc |
||
| 500 | _aيشتمل على كشاف. | ||
| 650 | 7 |
_929685 _aالرسائل العربية _zمصر. _2BUEsh |
|
| 651 | _2BUEsh | ||
| 653 |
_cApril2012 _bARALIT |
||
| 655 |
_vReading book _934232 |
||
| 700 | 1 |
_917350 _aأبو ريه ، محمود، _eجامع. |
|
| 942 |
_2ddc _cBB |
||